La educación terciaria en Colombia : (Registro nro. 6022)

Detalles MARC
000 -LEADER
fixed length control field 00989nam a2200253Ia 4500
003 - CONTROL NUMBER IDENTIFIER
control field OSt
005 - DATE AND TIME OF LATEST TRANSACTION
control field 20200903121843.0
008 - FIXED-LENGTH DATA ELEMENTS--GENERAL INFORMATION
fixed length control field 191128s2013 wauad gr 000 0 spa d
020 ## - INTERNATIONAL STANDARD BOOK NUMBER
International Standard Book Number 821356518
040 ## - CATALOGING SOURCE
Original cataloging agency CO-JMCR
Transcribing agency CO-JMCR
041 0# - LANGUAGE CODE
Language code of text/sound track or separate title spa
082 04 - DEWEY DECIMAL CLASSIFICATION NUMBER
Classification number 378.03 /
Item number B155e
Edition number 23
110 1# - MAIN ENTRY--CORPORATE NAME
Corporate name or jurisdiction name as entry element Banco Mundial
9 (RLIN) 5980
245 13 - TITLE STATEMENT
Title La educación terciaria en Colombia :
Remainder of title preparar terreno para su reforma /
Statement of responsibility, etc. Banco Mundial ; traducción Roberto Pizarro
250 ## - EDITION STATEMENT
Edition statement Primera edición
260 ## - PUBLICATION, DISTRIBUTION, ETC.
Place of publication, distribution, etc. Washington :
Name of publisher, distributor, etc. Banco Mundial,
Date of publication, distribution, etc. 2003.
300 ## - PHYSICAL DESCRIPTION
Extent xvii, 207 páginas :
Other physical details gráficos a blanco y negro ;
Dimensions 24 cm.
504 ## - BIBLIOGRAPHY, ETC. NOTE
Bibliography, etc. note Bibliografía : páginas 199-207.
505 0# - FORMATTED CONTENTS NOTE
Formatted contents note Situación actual del sistema de educación terciaria en Colombia -- Problemas y perspectivas en el campo ecónomico -- Estrategias y recomendaciones
650 24 - SUBJECT ADDED ENTRY--TOPICAL TERM
Topical term or geographic name entry element Educación terciaria
Geographic subdivision Colombia
9 (RLIN) 9706
650 24 - SUBJECT ADDED ENTRY--TOPICAL TERM
Topical term or geographic name entry element Gestión educativa
9 (RLIN) 9707
700 1# - ADDED ENTRY--PERSONAL NAME
Personal name Pizarro, Roberto,
Relator term traductor
9 (RLIN) 9708
942 ## - ADDED ENTRY ELEMENTS (KOHA)
Source of classification or shelving scheme Dewey Decimal Classification
Koha item type Books
Existencias
Withdrawn status Lost status Source of classification or shelving scheme Materials specified (bound volume or other part) Damaged status Not for loan Home library Current library Shelving location Date acquired Source of acquisition Full call number Barcode Date last seen Copy number Price effective from Koha item type Public note
    Dewey Decimal Classification Donación--15/04/2018--     Biblioteca Pública José María del Castillo y Rada Biblioteca Pública José María del Castillo y Rada General Stacks 11/28/2019 Donación 378.03 / B155e 430011635 05/16/2024 Ej.1 11/28/2019 Books Exlibris: página con resaltador.